Les lois psychologiques du symbolisme

Na minha lista:
Detalhes bibliográficos
Autor principal: Ferrero, Guillermo (Author)
Formato: Livro
Idioma:francês
Publicado em: París Félix Alcan 1895
Assuntos:
Tags: Adicionar Tag
Sem tags, seja o primeiro a adicionar uma tag!

MARC

LEADER 00000nam a2200000 a 4500
001 UCP4401
003 CL-VaPUC
008 990724e18950000FR |||||||||||||||||fre|d
082 0 4 |a 302.222  |b FER  |2 21 
100 |a Ferrero, Guillermo  |e author  |9 536621 
245 1 4 |a Les lois psychologiques du symbolisme 
300 |a 251 p 
942 |c BK 
945 |d 19990724 00:00:00  |a crobeson 
260 |a París  |b Félix Alcan  |c 1895 
650 0 |a Simbolismo (Psicología)  |9 265075 
650 0 |a Lenguajes simbólicos  |9 328174 
650 0 |a Comunicación   |9 257251 
583 |a last modification  |c 19990724 00:00:00  |k Rodrigo Vera 
999 |c 282384  |d 282382 
952 |0 0  |1 0  |4 0  |6 302_222000000000000_FER_1895  |7 0  |8 X  |9 324054  |a BIBHIS  |b BIBHIS  |d 2019-11-20  |i 135454K  |o 302.222 FER 1895  |p 135454K  |r 2024-01-30  |w 2019-11-20  |y BK_X  |k HIS